| 000 | 00669nam a22002173a 4500 | ||
|---|---|---|---|
| 005 | 20240924064356.0 | ||
| 008 | 011016s1998 mx fr 000 0 spa d | ||
| 020 | _a9788427708693 (13 digítos) | ||
| 020 | _a8427708696 (10 dígitos) | ||
| 035 | _aUPN01000114344 | ||
| 049 | _aCG | ||
| 050 | 4 |
_aLB1025 _bH4.3 1998 |
|
| 100 | 1 | _aHernández, Pedro | |
| 245 | 1 | 0 |
_aDiseñar y enseñar : _bteoría y técnica de la programación y del proyecto docente / _cPedro Hernández. |
| 250 | _a2a ed. | ||
| 260 |
_aMadrid : _bNarcea, _c1998. |
||
| 300 |
_a350 [2] p. : _bcuadros. |
||
| 650 | 4 |
_aEnseñanza _96215 |
|
| 650 | 4 |
_aEducación _xPlanificación _91146 |
|
| 905 | _aLibro | ||
| 999 |
_c88252 _d88252 |
||